000 00597nam a2200181Ia 4500
008 100921s9999 xx 000 0 und d
082 _b18875
_a891.463 थ 84
100 _aकाळे वैजयंती.
245 _aतुझ्यामुळे.
260 _bराजेंद्र प्रकाशन, पुणे.
_c1984
300 _a312
_b---
365 _b58
520 _aललित-कादंबरी.
630 _aतुझ्यामुळे.
650 _aललित-कादंबरी.
730 _aतुझ्यामुळे.
942 _cBOOK
999 _c767988
_d767985